00508nam a2200193Ia 450000000250000000300040002500600190002900700140004800800410006204000080010310000180011124500130012926000100014226000230015226000090017594200070018495201060019199900170029700746ngmaa2200277 a 4500RNLg||||fr|||| a0| fzhj bfb|||baap090707b ii f a fnsan d aeng aSingh, Ranjit aSamarpan aDelhi bManpreet Prakashan c2012 cBK 00102ddc40708PunaRNLbRNLcGENd2018-10-02g240.00l0p51143r2018-10-02v240.00w2018-10-02yBK c23699d23699